[Event "Xtracon Chess Open 2017"]
[Site "Helsingor DEN"]
[Date "2017.07.22"]
[Round "1.54"]
[White "Bjerre, Jonas Buhl"]
[Black "Calderon, Paul"]
[Result "1-0"]
[WhiteTitle "FM"]
[WhiteElo "2330"]
[BlackElo "1814"]
[WhiteFideId "1444948"]
[BlackFideId "2082160"]
[EventDate "2017.07.22"]

1. e4 c5 2. Nf3 Nc6 3. d4 cxd4 4. Nxd4 e5 5. Nb5 d6 6. N1c3 a6 7. Na3 Be7 8. Nc4
b5 9. Ne3 Nf6 10. Bd3 Nb4 11. Be2 O-O 12. O-O Be6 13. a3 Nc6 14. Ned5 Nd4 15.
Bd3 Nxd5 16. Nxd5 Bg5 17. c3 Nc6 18. Bxg5 Qxg5 19. a4 Bxd5 20. exd5 Na7 21. axb5
Nxb5 22. Qe2 Nc7 23. Ra5 Ra7 24. Rfa1 Rfa8 25. b4 f5 26. b5 e4 27. Bc4 Rb8 28.
bxa6 Ne8 29. Qe3 Qxe3 30. fxe3 Nf6 31. Rb5 Rxb5 32. Bxb5 Kf8 33. Rb1 Ng4 34. Be2
Ne5 35. Rb7 Rxb7 36. axb7 Nd7 37. g4 g6 38. gxf5 gxf5 39. Bb5 Nb8 40. Kg2 Ke7
41. Kg3 Kf6 42. Kf4 Kg6 43. Be8+ Kf6 44. h4 Na6 45. h5 Nb8 46. Bb5 1-0

[Event "Xtracon Chess Open 2017"]
[Site "Helsingor DEN"]
[Date "2017.07.22"]
[Round "1.55"]
[White "Manz, Andreas"]
[Black "Haug, Johannes"]
[Result "0-1"]
[BlackTitle "FM"]
[WhiteElo "1814"]
[BlackElo "2328"]
[WhiteFideId "24660108"]
[BlackFideId "1509268"]
[EventDate "2017.07.22"]

1. c4 e5 2. Nc3 Bb4 3. Nf3 Bxc3 4. bxc3 d6 5. d4 e4 6. Nd2 Nf6 7. e3 Qe7 8. Rb1
c5 9. Be2 Nc6 10. Qa4 O-O 11. O-O Bg4 12. Bxg4 Nxg4 13. h3 Nf6 14. Ba3 Rfc8 15.
Qb5 b6 16. Rfc1 Nd8 17. Qa4 Ne6 18. Qc2 Nf8 19. Nf1 Ng6 20. Ng3 Nh4 21. Ne2 Qe6
22. Ng3 Re8 23. Qe2 Rac8 24. Nf1 g6 25. Nd2 Qf5 26. Kh2 h5 27. Rf1 Qg5 28. Rg1
Kg7 29. Rbd1 Re7 30. Rc1 Re6 31. Nf1 Rh8 32. Ng3 Rhe8 33. Rgd1 Nf5 34. Nf1 h4
35. Kh1 Qh6 36. Nh2 R6e7 37. Rf1 Qg5 38. Rfd1 Nh6 39. Rc2 Qf5 40. Kg1 g5 41. Kf1
g4 42. hxg4 Nhxg4 43. Nxg4 Nxg4 44. dxc5 dxc5 45. Rd5 Ne5 46. Ke1 Rd7 47. Bb2 h3
48. gxh3 Qxh3 49. Qf1 Nf3+ 50. Ke2 Qg4 51. Kd1 Rxd5+ 52. cxd5 Nd4+ 53. Kc1 Nxc2
54. Kxc2 f6 55. c4 Kf7 56. Kd2 Rh8 57. Bxf6 Rh5 58. Bc3 Rf5 59. Kc2 Qf3 60. Be1
Qxe3 61. fxe3 Rxf1 62. Bg3 Ke8 63. Bb8 Kd8 64. Bxa7 Kc7 65. d6+ Kb7 0-1

[Event "Xtracon Chess Open 2017"]
[Site "Helsingor DEN"]
[Date "2017.07.22"]
[Round "1.56"]
[White "Rostgaard, Tobias Valentin"]
[Black "Naesborg, Jens-Ole"]
[Result "1-0"]
[WhiteTitle "FM"]
[WhiteElo "2327"]
[BlackElo "1808"]
[WhiteFideId "1408801"]
[BlackFideId "1443577"]
[EventDate "2017.07.22"]

1. e4 d5 2. exd5 Nf6 3. d4 Bg4 4. Be2 Bxe2 5. Qxe2 Qxd5 6. Nf3 e6 7. O-O Be7 8.
Nc3 Qd8 9. Qb5+ Nbd7 10. Qxb7 O-O 11. Ne5 Nxe5 12. dxe5 Rb8 13. Qxa7 Nd7 14. Qe3
Bc5 15. Qg3 Bd4 16. Re1 Nxe5 17. Rxe5 Qf6 18. Re1 Rfd8 19. Ne4 Qf5 20. Bf4 e5
21. Bg5 Rxb2 22. Bxd8 Rxc2 23. Rab1 1-0

[Event "Xtracon Chess Open 2017"]
[Site "Helsingor DEN"]
[Date "2017.07.22"]
[Round "1.57"]
[White "Nielsen, Kai Gylling"]
[Black "Tryggestad, Andreas Garberg"]
[Result "0-1"]
[BlackTitle "FM"]
[WhiteElo "1808"]
[BlackElo "2324"]
[WhiteFideId "1406400"]
[BlackFideId "1513338"]
[EventDate "2017.07.22"]

1. c4 Nf6 2. Nf3 g6 3. g3 Bg7 4. Bg2 O-O 5. O-O d5 6. cxd5 Nxd5 7. Nc3 Nxc3 8.
bxc3 Nc6 9. Rb1 e5 10. Qc2 Rb8 11. d3 Be6 12. Ng5 Bd5 13. e4 Be6 14. Nxe6 fxe6
15. Bh3 Qd6 16. Rb3 Rf3 17. Be3 b6 18. Rbb1 Rd8 19. Rbd1 h6 20. Bg4 Rf7 21. Qb3
Re7 22. Kg2 Na5 23. Qc2 c5 24. a4 Qc6 25. f4 exf4 26. Bxf4 e5 27. Be3 c4 28.
dxc4 Rxd1 29. Rxd1 Nxc4 30. Bc1 Kh7 31. Rd8 h5 32. Rc8 Qb7 33. Rxc4 hxg4 34. Bg5
Rf7 35. Qe2 Qa6 36. Qa2 Rf8 37. h3 b5 38. Rb4 gxh3+ 39. Kxh3 Qc8+ 40. Kg2 Qxc3
41. Rb3 Qc4 42. Qb1 Qe2+ 0-1

[Event "Xtracon Chess Open 2017"]
[Site "Helsingor DEN"]
[Date "2017.07.22"]
[Round "1.58"]
[White "Pantzar, Milton"]
[Black "Sebastian, Andreas"]
[Result "1-0"]
[WhiteTitle "FM"]
[WhiteElo "2313"]
[BlackElo "1800"]
[WhiteFideId "1721003"]
[BlackFideId "1529498"]
[EventDate "2017.07.22"]

1. d4 Nf6 2. c4 e6 3. Nc3 Bb4 4. e3 O-O 5. Ne2 c6 6. a3 Ba5 7. Ng3 d5 8. Qc2
Nbd7 9. Bd3 dxc4 10. Bxc4 e5 11. O-O exd4 12. exd4 Bc7 13. Ba2 h6 14. Bd2 Nb6
15. Rad1 Bg4 16. f3 Qxd4+ 17. Kh1 Bd7 18. Nce4 Nxe4 19. Nxe4 Qe5 20. f4 Qf5 21.
g4 Qb5 22. Nf6+ gxf6 23. Qg6+ Kh8 24. Qxh6+ Kg8 25. Qg6+ Kh8 26. Qxf6+ Kh7 27.
Bb1+ Kg8 28. Bc3 1-0

[Event "Xtracon Chess Open 2017"]
[Site "Helsingor DEN"]
[Date "2017.07.22"]
[Round "1.60"]
[White "Rewitz, Poul"]
[Black "Nettelbeck, Jann"]
[Result "1/2-1/2"]
[WhiteTitle "FM"]
[WhiteElo "2310"]
[BlackElo "1790"]
[WhiteFideId "1401033"]
[BlackFideId "12975672"]
[EventDate "2017.07.22"]

1. d4 d5 2. Bg5 h6 3. Bh4 c5 4. dxc5 g5 5. Bg3 Qa5+ 6. c3 Qxc5 7. Be5 f6 8. Bxb8
Rxb8 9. e4 Be6 10. Nf3 Bg7 11. Nbd2 Rd8 12. Be2 Bf7 13. O-O e5 14. Qa4+ Kf8 15.
exd5 Bxd5 16. Rad1 f5 17. Nc4 e4 18. Nfe5 Bxe5 19. Nxe5 Kg7 20. c4 Bc6 21. Nxc6
Rxd1 22. Rxd1 Qxc6 23. Qxa7 Ne7 24. b4 Rc8 25. b5 Qc7 26. Qd4+ Kg6 27. a4 Ng8
28. Qd6+ Qxd6 29. Rxd6+ Nf6 30. a5 f4 31. Rb6 Rc7 32. a6 bxa6 33. Rxa6 Kf5 34.
b6 Rc8 35. b7 Rb8 36. Rb6 Ke5 37. h3 h5 38. Rb5+ Kd6 39. Rxg5 Rxb7 40. Rf5 Rb1+
41. Bf1 Ke6 42. Rxf4 Ke5 43. g3 Nd7 44. Kg2 Nc5 45. Rh4 Nd3 46. Rxh5+ Kd4 47. h4
Rb2 48. Rf5 Rb1 49. h5 Ne1+ 50. Kh3 Nd3 51. Bg2 Rb2 52. f4 e3 53. Bf3 e2 54.
Bxe2 Rxe2 55. h6 Nf2+ 56. Kh4 Ne4 57. Rd5+ Kxc4 58. Re5 Rh2+ 59. Kg4 Kd4 60.
Rxe4+ Kxe4 61. Kg5 Rg2 62. g4 Kf3 63. h7 Rxg4+ 64. Kh6 Rh4+ 65. Kg7 Rxh7+ 66.
Kxh7 Kxf4 1/2-1/2

[Event "Xtracon Chess Open 2017"]
[Site "Helsingor DEN"]
[Date "2017.07.22"]
[Round "1.61"]
[White "Hansen, Tommy"]
[Black "Risting, Eivind Olav"]
[Result "0-1"]
[BlackTitle "FM"]
[WhiteElo "1785"]
[BlackElo "2307"]
[WhiteFideId "1511009"]
[BlackFideId "1517333"]
[EventDate "2017.07.22"]

1. e4 e6 2. d4 d5 3. Nd2 a6 4. Bd3 c5 5. c3 cxd4 6. cxd4 Nc6 7. Ngf3 dxe4 8.
Nxe4 Be7 9. O-O Nf6 10. b3 O-O 11. Bb2 Nd5 12. Rc1 Bd7 13. Ne5 Nxe5 14. dxe5 Nf4
15. Bb1 Bb5 16. Qc2 Bd3 17. Rcd1 Bxc2 18. Rxd8 Rfxd8 19. Bxc2 Rac8 20. Bb1 Nd3
21. Ba1 Ba3 22. Nd6 Bxd6 23. exd6 Rxd6 24. Rd1 Rc1 25. Rf1 Ne1 26. Bc3 Rxb1 27.
Bxe1 Rdd1 0-1

[Event "Xtracon Chess Open 2017"]
[Site "Helsingor DEN"]
[Date "2017.07.22"]
[Round "1.62"]
[White "Fossan, Petter"]
[Black "Frederiksen Kristian, Pade"]
[Result "1-0"]
[WhiteTitle "FM"]
[WhiteElo "2301"]
[BlackElo "1783"]
[WhiteFideId "1500260"]
[BlackFideId "1435205"]
[EventDate "2017.07.22"]

1. e4 e5 2. Nf3 Nc6 3. Bc4 Nf6 4. d3 Be7 5. O-O O-O 6. Re1 d6 7. c3 Na5 8. Bb5
a6 9. Ba4 c5 10. Nbd2 Nc6 11. Nf1 Qc7 12. Ng3 Be6 13. Qe2 Nd7 14. Ng5 Bxg5 15.
Bxg5 f6 16. Be3 b5 17. Bc2 d5 18. exd5 Bxd5 19. Qg4 Ne7 20. Nh5 Rf7 21. f4 f5
22. Qg3 Nf6 23. Nxf6+ Rxf6 24. Qf2 Rg6 25. g3 exf4 26. Bxf4 Qb7 27. Re5 c4 28.
Rae1 Ra7 29. Rxe7 1-0

[Event "Xtracon Chess Open 2017"]
[Site "Helsingor DEN"]
[Date "2017.07.22"]
[Round "1.63"]
[White "Erikstad, Olav"]
[Black "Kucuksari, Kaan"]
[Result "0-1"]
[BlackTitle "FM"]
[WhiteElo "1781"]
[BlackElo "2301"]
[WhiteFideId "1504983"]
[BlackFideId "6380166"]
[EventDate "2017.07.22"]

1. e4 c5 2. c4 Nc6 3. Nf3 e5 4. Nc3 g6 5. g3 Bg7 6. Bg2 Nge7 7. O-O O-O 8. d3 d6
9. Be3 Bg4 10. Qd2 Qd7 11. Nh4 Bf6 12. Bg5 Bxg5 13. Qxg5 f6 14. Qe3 Nd4 15. Rac1
g5 16. Nf3 h6 17. Ne2 Bxf3 18. Bxf3 f5 19. Nxd4 cxd4 20. Qe2 g4 21. Bg2 f4 22.
f3 h5 23. c5 dxc5 24. Rxc5 Ng6 25. Rfc1 Rac8 26. Qd1 a6 27. Rd5 Qe6 28. Rxc8
Rxc8 29. Qb3 Kg7 30. Qa4 Rc7 31. Rd8 fxg3 32. hxg3 gxf3 33. Bxf3 Qh3 34. Bg2
Qxg3 35. Rd7+ Rxd7 36. Qxd7+ Kh6 37. Qxb7 h4 38. Kh1 h3 39. Bf1 h2 40. Bg2 Nf4
41. Qxa6+ Kh5 42. Bf3+ Qxf3+ 43. Kxh2 Qg2# 0-1

[Event "Xtracon Chess Open 2017"]
[Site "Helsingor DEN"]
[Date "2017.07.22"]
[Round "1.64"]
[White "Gajic, Mladen"]
[Black "Nordin, Eric"]
[Result "1-0"]
[WhiteTitle "FM"]
[WhiteElo "2300"]
[BlackElo "1781"]
[WhiteFideId "1709178"]
[BlackFideId "1711822"]
[EventDate "2017.07.22"]

1. d4 d6 2. e4 Nf6 3. Nc3 g6 4. Be3 c6 5. h3 b5 6. a3 Nbd7 7. Nf3 Nb6 8. Bd3 Bg7
9. O-O O-O 10. Qd2 a5 11. e5 Nfd5 12. Nxd5 Nxd5 13. Bh6 Ba6 14. Rfe1 b4 15. Bxa6
Rxa6 16. axb4 Qb6 17. Rxa5 Rxa5 18. bxa5 Qxb2 19. c4 Qxd2 20. Bxd2 Nc7 21. Rb1
c5 22. exd6 exd6 23. dxc5 dxc5 24. Rb7 Na6 25. Ra7 Nb8 26. a6 Bf6 27. Bf4 Kg7
28. Bxb8 Rxb8 29. Rb7 Ra8 30. a7 Bc3 31. Ng5 1-0

[Event "Xtracon Chess Open 2017"]
[Site "Helsingor DEN"]
[Date "2017.07.22"]
[Round "1.65"]
[White "Wiberg, Jonas"]
[Black "Wadsworth, Matthew J"]
[Result "0-1"]
[BlackTitle "FM"]
[WhiteElo "1773"]
[BlackElo "2298"]
[WhiteFideId "1720090"]
[BlackFideId "415804"]
[EventDate "2017.07.22"]

1. b3 e5 2. Bb2 Nc6 3. e3 Nf6 4. c4 d6 5. d3 g6 6. Be2 Bg7 7. Nf3 O-O 8. Nc3 d5
9. cxd5 Nxd5 10. Nxd5 Qxd5 11. O-O Rd8 12. e4 Qd6 13. h3 h6 14. Bc3 Be6 15. Qd2
a5 16. Rfb1 b6 17. Qb2 a4 18. b4 a3 19. Qd2 b5 20. Qe1 Rdc8 21. Qd2 Nd4 22. Bxd4
exd4 23. Bd1 c5 24. bxc5 Rxc5 25. Rc1 Rc3 26. Rxc3 dxc3 27. Qc2 b4 28. Ne1 Bd4
29. Nf3 Bd7 30. Nxd4 Qxd4 31. Rc1 Bb5 32. Be2 Ba4 33. Qb1 c2 0-1

[Event "Xtracon Chess Open 2017"]
[Site "Helsingor DEN"]
[Date "2017.07.22"]
[Round "1.66"]
[White "Dahl, Trygve"]
[Black "Ski, Jonathan K."]
[Result "1-0"]
[WhiteElo "2292"]
[BlackElo "1771"]
[WhiteFideId "1513427"]
[BlackFideId "1521667"]
[EventDate "2017.07.22"]

1. e4 c6 2. d4 d5 3. Nc3 dxe4 4. Nxe4 Bf5 5. Ng3 Bg6 6. Nh3 h6 7. Nf4 Bh7 8. Bc4
e6 9. O-O Nf6 10. Re1 Be7 11. Bxe6 fxe6 12. Nxe6 Qd7 13. Nxg7+ Kf7 14. N7h5 Qg4
15. Re2 Nbd7 16. c3 Bf5 17. h3 Qg6 18. Qb3+ Nd5 19. Nf4 Qf6 20. Nxd5 cxd5 21.
Qxd5+ Be6 22. Qh5+ Kf8 23. Bd2 Bf7 24. Qg4 Rd8 25. Nf5 Be6 26. Rxe6 Qxe6 27.
Qg7+ Ke8 28. Qxh8+ Nf8 29. Ng7+ Kd7 30. Nxe6 Nxe6 31. Qxh6 Rg8 32. Re1 Nc7 33.
Qh7 Re8 34. Bg5 Nd5 35. c4 1-0

[Event "Xtracon Chess Open 2017"]
[Site "Helsingor DEN"]
[Date "2017.07.22"]
[Round "1.67"]
[White "Rasmussen, Henning2"]
[Black "Veng, Johnni"]
[Result "0-1"]
[BlackTitle "FM"]
[WhiteElo "1770"]
[BlackElo "2279"]
[WhiteFideId "1410962"]
[BlackFideId "1408623"]
[EventDate "2017.07.22"]

1. f4 g6 2. Nf3 Bg7 3. e4 d5 4. e5 Nh6 5. d4 Bg4 6. Be2 e6 7. O-O Nf5 8. c3 Nd7
9. Na3 c5 10. Nc2 Qb6 11. Kh1 h5 12. b3 Rc8 13. Ne3 Bf8 14. Nxf5 Bxf5 15. Bd3
Bg4 16. Be3 cxd4 17. cxd4 Ba3 18. Bc1 Bxc1 19. Rxc1 O-O 20. Rxc8 Rxc8 21. Be2
Qb4 22. h3 Bxf3 23. Bxf3 Kg7 24. Rf2 Qc3 25. g3 Nb8 26. Kg2 Na6 27. Qd2 Nb4 28.
Qxc3 Rxc3 29. Rd2 h4 30. gxh4 Nd3 31. Kg3 Ne1 32. Rf2 Rd3 33. Rf1 Nc2 34. Rd1
Rxd4 35. Rxd4 Nxd4 36. Bd1 Nf5+ 37. Kf2 Nxh4 38. Bc2 Kh6 39. Bd3 g5 40. f5 Nxf5 0-1

[Event "Xtracon Chess Open 2017"]
[Site "Helsingor DEN"]
[Date "2017.07.22"]
[Round "1.68"]
[White "Hobber, Anders"]
[Black "Norevall, Ulf"]
[Result "1-0"]
[WhiteTitle "FM"]
[WhiteElo "2278"]
[BlackElo "1769"]
[WhiteFideId "1505424"]
[BlackFideId "1705555"]
[EventDate "2017.07.22"]

1. d4 d5 2. Bf4 Nf6 3. e3 e6 4. Nd2 c5 5. c3 Nc6 6. Ngf3 cxd4 7. exd4 Bd6 8. Bg3
O-O 9. Bd3 Re8 10. Ne5 Bf8 11. f4 g6 12. Bh4 Bg7 13. O-O Qc7 14. Qe2 Nd7 15.
Rae1 Nf8 16. Ng4 Nd7 17. f5 e5 18. fxg6 hxg6 19. Rxf7 Nd8 20. Rff1 e4 21. Bb5 a6
22. Ba4 b5 23. Bb3 Qc6 24. Bxd8 Rxd8 25. Qxe4 Nb6 26. Nf6+ 1-0

[Event "Xtracon Chess Open 2017"]
[Site "Helsingor DEN"]
[Date "2017.07.22"]
[Round "1.69"]
[White "Overmark, Ole"]
[Black "Svane, Frederik"]
[Result "0-1"]
[WhiteElo "1767"]
[BlackElo "2276"]
[WhiteFideId "1410776"]
[BlackFideId "12923044"]
[EventDate "2017.07.22"]

1. Nf3 c5 2. c4 Nf6 3. g3 b6 4. Bg2 Bb7 5. d3 e6 6. Nc3 Be7 7. O-O O-O 8. a3 Nc6
9. e3 Rc8 10. Qe2 d5 11. Rd1 Re8 12. e4 d4 13. e5 dxc3 14. exf6 Bxf6 15. bxc3
Bxc3 16. Bb2 Bxb2 17. Qxb2 Qc7 18. Re1 Red8 19. Rad1 Ne7 20. Qe2 Nf5 21. Bh3 Qc6
22. Qe4 Qxe4 23. dxe4 Rxd1 24. Rxd1 Bxe4 25. Ng5 Bc6 26. Bg2 Nd4 27. Ne4 f6 28.
f4 Kf8 29. Nc3 Bxg2 30. Kxg2 Ke7 31. Kf2 Rd8 32. Re1 Nc2 33. Re2 Nxa3 34. f5
Nxc4 35. Rxe6+ Kf7 36. Rc6 Ne5 37. Rc7+ Rd7 38. Rc8 g6 39. fxg6+ hxg6 40. h3
Rd2+ 41. Kf1 Rd3 42. Rc7+ Rd7 43. Rc8 c4 44. Ke2 Rd3 45. Rc7+ Ke6 46. Ne4 f5 47.
Nf2 Rxg3 48. Rxa7 Nd3 49. Nd1 Rxh3 50. Rb7 Nf4+ 51. Kd2 Nd5 52. Rg7 Ne7 0-1

[Event "Xtracon Chess Open 2017"]
[Site "Helsingor DEN"]
[Date "2017.07.22"]
[Round "1.70"]
[White "Rosenkilde, Alexander"]
[Black "Skovgaard, Emil"]
[Result "1-0"]
[WhiteElo "2274"]
[BlackElo "1764"]
[WhiteFideId "1408488"]
[BlackFideId "1450972"]
[EventDate "2017.07.22"]

1. d4 d5 2. c4 c6 3. Nf3 Nf6 4. Nc3 e6 5. Bg5 Be7 6. e3 O-O 7. Qc2 Nbd7 8. Rc1
b6 9. cxd5 exd5 10. Bd3 h6 11. Bh4 Bb7 12. O-O c5 13. Rfe1 Rc8 14. Bf5 b5 15.
Ne5 b4 16. Bxf6 Nxf6 17. Bxc8 Qxc8 18. Ne2 Bd6 19. Nf3 Qg4 20. dxc5 Rc8 21. h3
Qd7 22. Ned4 Bxc5 23. Qf5 Qd6 24. Nb3 g6 25. Qe5 Qxe5 26. Nxe5 Bd6 27. Rxc8+
Bxc8 28. Rc1 Be6 29. Nc6 a6 30. Nc5 Bc8 31. Nxb4 a5 32. Nc6 Bxc5 33. Rxc5 Ne4
34. Ne7+ Kf8 35. Nxg6+ fxg6 36. Rxc8+ Ke7 37. Ra8 a4 38. Rxa4 Nc5 39. Ra8 Nd3
40. Rb8 h5 41. a4 Kd7 42. a5 Kc7 43. Rb6 g5 44. b4 Ne5 45. b5 Nc4 46. Rc6+ Kb7
47. a6+ Ka8 48. b6 Nxb6 49. Rxb6 1-0

[Event "Xtracon Chess Open 2017"]
[Site "Helsingor DEN"]
[Date "2017.07.22"]
[Round "1.71"]
[White "Svanholm, Borge Waaktaar"]
[Black "Seo, Jung Min"]
[Result "0-1"]
[WhiteElo "1761"]
[BlackElo "2270"]
[WhiteFideId "1504835"]
[BlackFideId "1734687"]
[EventDate "2017.07.22"]

1. c4 c5 2. Nf3 Nf6 3. d4 cxd4 4. Nxd4 d6 5. Nc3 e6 6. e4 Be7 7. Be2 a6 8. O-O
Nbd7 9. Be3 O-O 10. Qd2 Ne5 11. f3 Bd7 12. Rac1 Rc8 13. b3 Qc7 14. Rfd1 Qb8 15.
Bf1 Rfd8 16. a4 Re8 17. h3 Bd8 18. Nde2 Bc7 19. Nf4 Bc6 20. Nd3 Nh5 21. Kf2 f5
22. exf5 exf5 23. Nb4 f4 24. Bd4 Ba5 25. Nca2 Bd8 26. Nxc6 bxc6 27. b4 Bf6 28.
Kg1 Rcd8 29. Bf2 Qb7 30. b5 axb5 31. cxb5 d5 32. bxc6 Nxc6 33. Bb5 Re6 34. Qc3
Ne5 35. Kf1 Ng3+ 36. Bxg3 fxg3 37. Qc7 Qa8 38. Re1 Re7 39. Qc5 d4 40. f4 Ng6 41.
Rxe7 Bxe7 42. Qf5 Kh8 43. Qg4 Nxf4 44. Qxg3 Qd5 45. Bc4 Qf5 46. Qf2 Rf8 47. Bb5
Qd5 48. Rc2 Ng6 0-1

[Event "Xtracon Chess Open 2017"]
[Site "Helsingor DEN"]
[Date "2017.07.22"]
[Round "1.72"]
[White "Ranaldi, Lucas"]
[Black "Pedersen, Carl Aage"]
[Result "1-0"]
[WhiteTitle "FM"]
[WhiteElo "2269"]
[BlackElo "1758"]
[WhiteFideId "1519484"]
[BlackFideId "1417614"]
[EventDate "2017.07.22"]

1. d4 d5 2. c4 e6 3. Nc3 Nf6 4. Bg5 Nbd7 5. cxd5 exd5 6. e3 c6 7. Bd3 Be7 8. Qc2
O-O 9. Nge2 h6 10. Bh4 Re8 11. O-O Nf8 12. f3 g6 13. Bf2 Kg7 14. Kh1 h5 15. e4
dxe4 16. fxe4 Ne6 17. Rad1 Nc7 18. Bg1 Rf8 19. d5 cxd5 20. exd5 Nfe8 21. Bd4+
Bf6 22. Rxf6 Nxf6 23. Rf1 Ne8 24. Ne4 Qxd5 25. Nxf6 Nxf6 26. Rxf6 Kh7 27. Bxg6+
fxg6 28. Qxg6+ Kh8 29. Rxf8# 1-0

[Event "Xtracon Chess Open 2017"]
[Site "Helsingor DEN"]
[Date "2017.07.22"]
[Round "1.73"]
[White "Rendlev, Niels Moller"]
[Black "Stojanovski, Sandi"]
[Result "0-1"]
[BlackTitle "FM"]
[WhiteElo "1756"]
[BlackElo "2268"]
[WhiteFideId "1409042"]
[BlackFideId "1403249"]
[EventDate "2017.07.22"]

1. Nf3 c5 2. c4 Nf6 3. Nc3 e6 4. d3 d5 5. Bg5 Be7 6. g3 d4 7. Bxf6 gxf6 8. Ne4
f5 9. Ned2 Nc6 10. Bg2 h5 11. h4 Qc7 12. a3 f4 13. gxf4 Qxf4 14. Ne4 Rg8 15. Bh3
Ne5 16. Neg5 Nxf3+ 17. Nxf3 Bxh4 18. Qd2 Qxd2+ 19. Nxd2 Be7 20. O-O-O Bd7 21.
Rdg1 O-O-O 22. Nf3 Bf6 23. Kc2 Rxg1 24. Rxg1 Bc6 25. b4 cxb4 26. axb4 a6 27. Nd2
Kd7 28. f3 Ke7 29. Ne4 b6 30. Kb3 a5 31. b5 Bxe4 32. fxe4 h4 33. Ka4 Rc8 34. Rg2
Be5 35. Rg4 Bg3 36. Kb3 Rh8 37. Ka4 Bd6 38. Kb3 Rh6 39. Ka4 Rh5 40. Rg2 Bg3 41.
e3 dxe3 42. d4 Bf2 0-1

[Event "Xtracon Chess Open 2017"]
[Site "Helsingor DEN"]
[Date "2017.07.22"]
[Round "1.74"]
[White "Malmstig, Erik"]
[Black "Merkesvik, Amalie Isabel"]
[Result "1-0"]
[WhiteTitle "FM"]
[WhiteElo "2266"]
[BlackElo "1754"]
[WhiteFideId "1702866"]
[BlackFideId "1514369"]
[EventDate "2017.07.22"]

1. d4 d5 2. c4 c6 3. Nf3 Nf6 4. Qc2 dxc4 5. Qxc4 Nbd7 6. Nc3 Nb6 7. Qd3 g6 8. e4
Bg7 9. h3 e6 10. Bg5 Qc7 11. Rc1 O-O 12. Qd2 Qd7 13. Ne5 Qe8 14. Be2 Nfd7 15.
Ng4 f6 16. Be3 e5 17. d5 cxd5 18. Nxd5 Nxd5 19. Qxd5+ Kh8 20. Bb5 Qd8 21. O-O
Nb6 22. Qb3 Bd7 23. Bxb6 axb6 24. Rfd1 Qe7 25. Rxd7 1-0

[Event "Xtracon Chess Open 2017"]
[Site "Helsingor DEN"]
[Date "2017.07.22"]
[Round "1.75"]
[White "Nielsen, Jorgen Kamp"]
[Black "Taylor, Adam C"]
[Result "0-1"]
[BlackTitle "FM"]
[WhiteElo "1751"]
[BlackElo "2265"]
[WhiteFideId "1413279"]
[BlackFideId "424668"]
[EventDate "2017.07.22"]

1. d4 Nf6 2. Nf3 e6 3. e3 b6 4. Bd3 Bb7 5. Nbd2 c5 6. c3 Nc6 7. O-O d5 8. Re1
Be7 9. dxc5 Bxc5 10. h3 Ne7 11. Bc2 O-O 12. Qe2 Ng6 13. e4 Nf4 14. Qf1 a5 15. c4
dxe4 16. Bxe4 Bxe4 17. Nxe4 Nxe4 18. Rxe4 Nd3 19. Re2 Qf6 20. Bg5 Qf5 21. b3 e5
22. Be3 e4 23. Nd4 Qg6 24. Nb5 Rad8 25. Nc7 f5 26. Nd5 Rf7 27. Rd1 Bxe3 28. fxe3
Rd6 29. Red2 Qg3 30. Rxd3 exd3 31. Rxd3 Qe5 32. Qd1 Rfd7 33. Qf3 h6 34. Qd1 Kh8
35. Qd2 Rd8 36. Kh1 Kh7 37. Qf2 Re8 38. Qd2 Rg6 39. Qe2 Qe4 40. Rd4 0-1

[Event "Xtracon Chess Open 2017"]
[Site "Helsingor DEN"]
[Date "2017.07.22"]
[Round "1.76"]
[White "Halfhide, Sebastian"]
[Black "Hojgaard, Brandur"]
[Result "1-0"]
[WhiteElo "2253"]
[BlackElo "1747"]
[WhiteFideId "1045946"]
[BlackFideId "7201478"]
[EventDate "2017.07.22"]

1. e4 c5 2. Nf3 d6 3. d4 cxd4 4. Nxd4 Nf6 5. Nc3 a6 6. Bg5 e6 7. f4 Be7 8. Qf3
Qc7 9. O-O-O Nc6 10. Nxc6 bxc6 11. e5 Nd5 12. Bxe7 Kxe7 13. Ne4 dxe5 14. Qa3+ c5
15. Nxc5 Ke8 16. Ne4 Qe7 17. Nd6+ Kf8 18. fxe5 g6 19. c4 Nc7 20. Qe3 Kg7 21. Be2
Ne8 22. Rhf1 Rf8 23. Bf3 Rb8 24. Bc6 Bd7 25. Bxd7 1-0

[Event "Xtracon Chess Open 2017"]
[Site "Helsingor DEN"]
[Date "2017.07.22"]
[Round "1.77"]
[White "Jacobsen, Per"]
[Black "Andersson, Kaj"]
[Result "0-1"]
[WhiteElo "1575"]
[BlackElo "2063"]
[WhiteFideId "1413856"]
[BlackFideId "1709860"]
[EventDate "2017.07.22"]

1. d4 d5 2. e3 Nf6 3. f4 e6 4. Nf3 Nbd7 5. Bd3 c5 6. c3 a6 7. a4 Be7 8. O-O O-O
9. Ne5 Ne4 10. Nd2 f5 11. Ndf3 Qe8 12. Nxd7 Bxd7 13. Ne5 Rd8 14. Rf3 Kh8 15. Rh3
Rf6 16. Qh5 Qxh5 17. Rxh5 Be8 18. Rh3 Rc8 19. Bxe4 dxe4 20. Bd2 Kg8 21. Be1 Rf8
22. Bh4 Bf6 23. Bxf6 gxf6 24. Nc4 cxd4 25. Nd6 Rc6 26. Rg3+ Bg6 27. Nxb7 dxc3
28. bxc3 Rxc3 29. Rd1 Rc7 30. Na5 Rb8 31. h4 Kf7 32. Rd6 Rb1+ 33. Kh2 Rcc1 0-1

[Event "Xtracon Chess Open 2017"]
[Site "Helsingor DEN"]
[Date "2017.07.22"]
[Round "1.78"]
[White "Sorensen, Bernhard W."]
[Black "Guindy, Esmat Susanne"]
[Result "0-1"]
[BlackTitle "WFM"]
[WhiteElo "1686"]
[BlackElo "2158"]
[WhiteFideId "1442074"]
[BlackFideId "1401637"]
[EventDate "2017.07.22"]

1. d4 d5 2. Bf4 Nf6 3. e3 Bf5 4. Bd3 e6 5. Bxf5 exf5 6. Nd2 Bd6 7. Bg3 c6 8.
Ngf3 Ne4 9. Bxd6 Qxd6 10. Ne5 O-O 11. O-O Re8 12. f3 Nxd2 13. Qxd2 Nd7 14. Nxd7
Qxd7 15. Rae1 Re7 16. Re2 Rae8 17. Rfe1 Qd6 18. Qd3 Qe6 19. b3 b5 20. c3 g6 21.
e4 fxe4 22. fxe4 dxe4 23. Rxe4 Qxe4 24. Rxe4 Rxe4 25. Kf2 Rf4+ 26. Kg3 Rf5 27.
a4 a6 28. axb5 axb5 29. c4 bxc4 30. bxc4 Rf6 31. c5 Rf5 32. h3 Re6 33. Qb3 Re2
34. Qb8+ Kg7 35. Qd6 Rf6 36. Qd7 Re3+ 37. Kh2 Rd3 38. Qg4 Re6 39. Qf4 h5 40. Qh4
Re2 41. Qf4 Rdd2 42. Qf3 Rxg2+ 43. Qxg2 Rxg2+ 44. Kxg2 Kf6 45. Kf3 g5 46. Ke4
Ke6 47. d5+ cxd5+ 48. Kd4 g4 49. hxg4 hxg4 50. Ke3 f5 51. Kf4 d4 52. c6 Kd6 0-1

[Event "Xtracon Chess Open 2017"]
[Site "Helsingor DEN"]
[Date "2017.07.22"]
[Round "1.79"]
[White "Dittrich, Hans-Georg"]
[Black "Roe, Simon J"]
[Result "0-1"]
[WhiteElo "1742"]
[BlackElo "2253"]
[WhiteFideId "12923591"]
[BlackFideId "401471"]
[EventDate "2017.07.22"]

1. e4 e5 2. Nf3 d6 3. Bc4 Be7 4. c3 Nf6 5. d3 O-O 6. Bb3 c5 7. a4 Nc6 8. Nbd2
Be6 9. Bxe6 fxe6 10. Qb3 Qd7 11. Nc4 Nh5 12. O-O Nf4 13. Be3 Rf6 14. d4 cxd4 15.
cxd4 exd4 16. Nxd4 Nxd4 17. Bxd4 Ne2+ 0-1